Manažerské řízení firmy na principech controllingu

Hlavné úlohy controllera. Postavenie controllera a manažéra vo firme. Kontrolingový postoj zodpovedných pracovníkov. Kontrolingové správanie účtovníkov. Nedostatky firemných účtovných systémov. Predpoklady úspešného uplatnenia kontrolingu.

Gespeichert in:
Bibliographische Detailangaben
1. Verfasser: Serina, Pavol
Format: Buchkapitel
Sprache:Tschechisch
Schlagworte:
Tags: Tag hinzufügen
Keine Tags, Fügen Sie das erste Tag hinzu!

MARC

LEADER 00000naa$a2200000$$$4500
001 0026707
005 20240502083122.9
041 0 |a cze 
044 |a CZ 
245 1 0 |a Manažerské řízení firmy na principech controllingu  |c Pavol Serina 
520 |a Hlavné úlohy controllera. Postavenie controllera a manažéra vo firme. Kontrolingový postoj zodpovedných pracovníkov. Kontrolingové správanie účtovníkov. Nedostatky firemných účtovných systémov. Predpoklady úspešného uplatnenia kontrolingu. 
610 2 0 |a riadenie podnikové 
610 2 0 |a manažment 
610 2 0 |a kontroling vnútropodnikový 
610 2 0 |a controller 
610 2 0 |a stupne riadiace 
610 2 0 |a systémy účtovné 
610 2 0 |a systémy informačné 
100 1 |a Serina, Pavol